|
|
|
|
| LEADER |
00997nam a22003497a 4500 |
| 001 |
31562 |
| 003 |
BD-DhAAL |
| 005 |
20170125140300.0 |
| 008 |
170125s2002 bg a|||| |||| 00| 0 eng d |
| 040 |
|
|
|a BD-DhAAL
|c BD-DhAAL
|
| 082 |
|
|
|2 22
|a 307.1412095492
|
| 999 |
|
|
|c 37945
|d 37945
|
| 999 |
|
|
|c 37945
|
| 999 |
|
|
|c 37945
|
| 999 |
|
|
|c 0
|
| 999 |
|
|
|c 37944
|
| 999 |
|
|
|c 0
|
| 999 |
|
|
|c 37943
|
| 999 |
|
|
|c 37943
|
| 999 |
|
|
|c 0
|
| 245 |
|
|
|a Research monograph series, nos. 11-18
|
| 260 |
|
|
|a Dhaka :
|b BRAC,
|c 2001
|
| 300 |
|
|
|a various pages :
|b illustrations ;
|c 28 cm.
|
| 490 |
|
|
|a Research monograph series,
|v 11-18
|
| 526 |
|
|
|a AAL
|
| 541 |
|
|
|e 31562
|
| 610 |
|
|
|a BRAC
|9 14340
|
| 650 |
|
|
|a Rural development
|z Bangladesh
|9 14341
|
| 710 |
|
|
|a BRAC
|9 14340
|
| 852 |
|
|
|a Ayesha Abed Library
|
| 942 |
|
|
|2 ddc
|c BK
|
| 952 |
|
|
|0 0
|1 0
|2 ddc
|4 0
|5 1
|6 307_141209549200000_RES
|7 1
|8 REF
|9 59964
|a BRACUL
|b BRACUL
|c REF
|d 2017-01-25
|e BRAC
|l 0
|o 307.1412095492 RES
|p 3010031562
|r 2017-01-25
|t 1
|w 2017-01-25
|y BK
|